000
00223nam a2200085Ia 4500
008
120527s9999 xx 000 0 und d
100
_a
McEARCHERN, W
245
_a
Study guide Economics:A contemporary introduction
942
_c
BK
999
_c
26776
_d
26776